Państwa po trzech sąsiadach #3 - Statystyki

Ogólne statystyki
  • Ten quiz został rozwiązany 62 razy
  • Średni wynik to 12 z 15
Statystyki odpowiedzi
Sąsiedzi Państwo % Poprawnych
NiemcyWłochy Hiszpania Francja
94%
SzwajcariaNiemcy Węgry Austria
90%
RumuniaWęgry Polska Ukraina
90%
HolandiaFrancja Czechy Niemcy
88%
Macedonia PółnocnaSerbia Czarnogóra Kosowo
86%
MalezjaPapua - Nowa Gwinea Timor Wschodni Indonezja
84%
IrakIzrael Turcja Syria
82%
KuwejtIrak Jordania Arabia Saudyjska
78%
PeruBrazylia Paragwaj Boliwia
75%
ChinyUzbekistan Tadżykistan Kirgistan
75%
ArgentynaBoliwia Brazylia Paragwaj
75%
Czad Etiopia Sudan Południowy Sudan
75%
SalwadorHonduras Meksyk Gwatemala
71%
UgandaTanzania Angola Demokratyczna Republika Konga
57%
ZambiaTanzania Mozambik Malawi
53%
Nie znaleziono quizów pasujących do podanych kryteriów
Rozkład punktacji
Procent ludzi z każdym wynikiem
Percentyl według liczby udzielonych odpowiedzi
Twoja historia wyników
Nie rozwiązałeś tego quizu